Central Library OPAC University of Rajshahi

Chromosome dynamics / (Record no. 37425)

MARC details
000 -LEADER
fixed length control field 00634nam a2200217 4500
001 - CONTROL NUMBER
control field 37425
003 - CONTROL NUMBER IDENTIFIER
rucl marc code BD-RjUL
005 - DATE AND TIME OF LATEST TRANSACTION
control field 20211209052616.0
008 - FIXED-LENGTH DATA ELEMENTS--GENERAL INFORMATION
fixed length control field 150113s1990 ii a|||| |||| 001 0 eng d
035 ## - SYSTEM CONTROL NUMBER
System control number (BD-RjUL)37529
040 ## - CATALOGING SOURCE
Original cataloging agency BD-RjUL
Language of cataloging eng
Transcribing agency BD-RjUL
Modifying agency BD-RjUL
041 ## - LANGUAGE CODE
Language code of text/sound track or separate title eng
082 ## - DEWEY DECIMAL CLASSIFICATION NUMBER
Edition number 20
Classification number 574.87322
Author mark and year CHR 1990
245 ## - TITLE STATEMENT
Title Chromosome dynamics /
Statement of responsibility, etc. Editor, O.P. Mittal.
Number of part/section of a work Volume 1.
260 ## - PUBLICATION, DISTRIBUTION, ETC. (IMPRINT)
Place of publication, distribution, etc. Chandigarh :
Name of publisher, distributor, etc. O.P. Mittal,
Date of publication, distribution, etc. 1990.
300 ## - PHYSICAL DESCRIPTION
Pagination xi, 255 p.:
Illustrations illustrations ;
Size 26 cm
500 ## - GENERAL NOTE
General note Includes index.
650 ## - SUBJECT ADDED ENTRY--TOPICAL TERM
Source of heading or term Chromosomes
General subdivision Congresses.
9 (RLIN) 114882
700 ## - ADDED ENTRY--PERSONAL NAME
Personal name Mittal, O.P.
942 ## - ADDED ENTRY ELEMENTS (KOHA)
Source of classification or shelving scheme Dewey Decimal Classification
Koha item type Books
Holdings
Lost status Source of classification or shelving scheme Damaged status Not for loan Collection code Permanent Location Current Location Shelving location Date acquired Total Checkouts Full call number Date last seen Copy number Koha item type
  Dewey Decimal Classification   Not For Loan Non-fiction Institute of Biological Sciences (IBSc) Library Institute of Biological Sciences (IBSc) Library   13/01/2015   574.87322 CHR 1990 13/01/2015 C-1 Books
  Dewey Decimal Classification   Not For Loan Non-fiction Institute of Biological Sciences (IBSc) Library Institute of Biological Sciences (IBSc) Library   13/01/2015   574.87322 CHR 1990 13/01/2015 C-2 Books